| Tag |
First Indicator |
Second Indicator |
Subfields |
| LEADER |
00000cam a2200000 a 4500 |
| 001 |
in00000069857 |
| 005 |
20151008055901.0 |
| 008 |
820127s1981 enk b i00110 eng |
| 010 |
|
|
|a 81178691
|
| 015 |
|
|
|a GB***
|
| 020 |
|
|
|a 9231018434 (Unesco : pbk.)
|
| 020 |
|
|
|a 0566004321 (Gower)
|
| 035 |
|
|
|a (OCoLC)08176398
|
| 035 |
|
|
|9 AAJ4636AM
|
| 039 |
0 |
|
|a 2
|b 3
|c 3
|d 3
|e 3
|
| 040 |
|
|
|a DLC
|c DLC
|d TXA
|d UtOrBLW
|
| 049 |
|
|
|a TXAM
|c [1672895]
|
| 050 |
0 |
0 |
|a HM146
|b .S24 1981
|
| 082 |
0 |
|
|a 305
|2 19
|
| 100 |
1 |
|
|a Schaffer, Bernard,
|d 1925-1984.
|
| 245 |
1 |
0 |
|a Can equity be organized? :
|b equity, development analysis and planning /
|c Bernard Schaffer, Geoff Lamb.
|
| 264 |
|
1 |
|a Farnborough, Hampshire :
|b Gower ;
|a Paris :
|b Unesco,
|c 1981.
|
| 300 |
|
|
|a vi, 166 pages ;
|c 22 cm.
|
| 336 |
|
|
|a text
|b txt
|2 rdacontent
|
| 337 |
|
|
|a unmediated
|b n
|2 rdamedia
|
| 338 |
|
|
|a volume
|b nc
|2 rdacarrier
|
| 500 |
|
|
|a Includes index.
|
| 504 |
|
|
|a Bibliography: pages 151-156.
|
| 650 |
|
0 |
|a Equality.
|
| 650 |
|
0 |
|a Distributive justice.
|
| 700 |
1 |
|
|a Lamb, G. B.
|
| 710 |
2 |
|
|a Unesco.
|
| 999 |
|
|
|a MARS
|
| 999 |
f |
f |
|s eb0cec36-99b2-37e3-8180-ea528527648d
|i ad53260b-0c95-3140-b280-e72a0f62d20d
|t 0
|
| 952 |
f |
f |
|p ric
|a Texas A&M University
|b Rellis Campus
|c Joint Library Facility
|d Remote Storage
|t 0
|e HM146 .S24 1981
|h Library of Congress classification
|i unmediated -- volume
|m A14806139511
|
| 998 |
f |
f |
|a HM146 .S24 1981
|t 0
|l Remote Storage
|